000 00664nam a22002177a 4500
003 UA-OsUOA
001 114831
007 ta
008 20151123b un ||||| |||| 00| 0 ukr d
100 _aБулкін І.А.
090 _a330(477)
_bБ90
942 _cSA
040 _aUA-OsUOA
_bukr
_cUA-OsUOA
_dUA-OsUOA
245 _aДо оцінювання інновативності галузевого розвитку в промисловості України
300 _aС.2-19
955 _a0
041 _aukr
080 _a330(477)
773 0 _w114827
_tПроблеми науки
_dК.
_d2015
_g8
650 7 _a330 Економіка взагалі
_2UDC
999 _c401061
_d401061